Gares de la ligne de Lamballe à Granville - Statistiques

Statistiques générales
  • Ce quiz a été pris 11 fois
  • Le résultat moyen est 6 sur 14
Statistiques - réponses
Département Gare % Correct
Côtes-d'Armor (22) Lamballe
100%
Manche (50) Granville
90%
(22) Dinan
80%
Manche (50) Pontorson - Mont-Saint-Michel
50%
(50) Avranches
40%
Ille-et-Villaine (35) Dol-de-Bretagne
40%
(22) Plancoët
40%
(22) Landébia
30%
Ille-et-Villaine (35) Miniac
30%
(50) Folligny
20%
(22) La Hisse
20%
(22) Corseul - Languenan
10%
(35) Plerguer
10%
Côtes-d'Armor (22) Pleudihen
10%
Aucun quiz correspondant
Distribution des résultats
% des personnes avec chaque résultat
Percentile par nombre de réponses
Votre historique - résultats
Vous n’avez pas pris ce quiz